[Event "Challenge"]
[Site "http://www.queenalice.com/game.php?id=27432"]
[Date "2005.9.6"]
[Round "-"]
[White "Jomaley"]
[Black "david19"]
[Result "1-0"]
[WhiteElo "1304"]
[BlackElo "1189"]

1. g3 e5 2. c3 d5 3. Nf3 Nc6 4. e3 a6 5. Qe2 e4 6. Nh4 Nf6 7. f3 Bd6 8. fxe4
Nxe4 9. Nf3 Bg4 10. a4 O-O 11. a5 Ne7 12. h3 Nxg3 13. Qg2 Nxh1 14. Qxh1 Bg3+ 15.
Ke2 Nf5 16. hxg4 Nd6 17. Ra4 Qf6 18. Qh3 Ne4 19. Rxe4 dxe4 20. Nd4 Qf2+ 21. Kd1
Rad8 22. Qg2 Qe1+ 23. Kc2 Rd5 24. b4 Rfd8 25. Ne2 Bh4 26. Nf4 Qg3 27. Qxe4 Qxg4
28. Bc4 R5d7 29. Qxb7 Be1 30. d4 c5 31. Qh1 cxd4 32. Qxe1 Qf5+ 33. Nd3 dxc3 34.
Nxc3 h5 35. Bxa6 h4 36. e4 Qh3 37. Qd1 Rc7 38. Qd2 Qf3 39. b5 Qxe4 40. b6 Rc5
41. b7 Qa4+ 42. Kb1 Qc6 43. Ba3 Rxa5 44. Be7 Re8 45. Nb4 Qh1+ 46. Kc2 h3 47. Nc6
Rh5 48. Nd8 Qg2 49. b8=Q Qg6+ 50. Bd3 Qg4 51. Bc4 Kh7 52. Qd3+ g6 53. Bxf7 Rxe7
54. Qb3 Kh6 55. Nd5 h2 56. Qd1 1-0

[Event "Challenge"]
[Site "http://www.queenalice.com/game.php?id=27473"]
[Date "2005.9.6"]
[Round "-"]
[White "josecastroman"]
[Black "david19"]
[Result "1-0"]
[WhiteElo "1632"]
[BlackElo "1211"]

1. e4 e5 2. Nf3 Nc6 3. Bc4 Nf6 4. Nc3 Bb4 5. d3 Bxc3+ 6. bxc3 O-O 7. Bg5 h6 8.
Bh4 g5 9. Bg3 Na5 10. Bb3 Ng4 11. Nxe5 d6 12. Nxg4 Kh7 13. Qf3 f5 14. exf5 Rxf5
15. Qe4 Kg7 16. O-O Nxb3 17. cxb3 d5 18. Qd4+ Kf8 19. Rae1 Bd7 20. Qh8+ Kf7 21.
Nxh6+ Kg6 22. Qxd8 Rxd8 23. Nxf5 Bxf5 24. Re3 c5 25. Rfe1 d4 26. cxd4 cxd4 27.
Re7 Rd5 28. R1e5 Rd6 29. Rxf5 Ra6 30. Rfe5 Kh5 31. a4 Rc6 32. h3 Rc1+ 33. Kh2
Kh6 34. R5e6+ Kh5 35. Rh7# 1-0

[Event "AUTO-OPEN-142"]
[Site "http://www.queenalice.com/game.php?id=28412"]
[Date "2005.9.13"]
[Round "1"]
[White "Tiago"]
[Black "david19"]
[Result "1-0"]
[WhiteElo "1362"]
[BlackElo "1161"]

1. e4 e5 2. d3 h6 3. d4 d6 4. Qf3 a6 5. Bc4 Nf6 6. g4 Bxg4 7. Qd3 Nc6 8. d5 Nb4
9. Qb3 Nxe4 10. Qxb4 Qh4 11. Be3 Ng5 12. Qxb7 Rd8 13. Qxc7 Rc8 14. Qa5 Rxc4 15.
Qxa6 Rxc2 16. Qa4+ Ke7 17. Qxc2 Nf3+ 18. Nxf3 Bxf3 19. Rf1 Bxd5 20. Nc3 Bc4 21.
Rh1 g6 22. Nd5+ Bxd5 23. Qc7+ Kf6 24. Rd1 Bxh1 25. Qd8+ Be7 26. Qxh8+ Kf5 27.
Kd2 Qb4+ 28. Kc1 Qc4+ 29. Kb1 Be4+ 30. Ka1 Bc2 31. Rc1 Bf6 32. Qxh6 Ke6 33. Qh3+
Ke7 34. Qf1 Qa4 35. Qe2 Bb3 36. Qd2 1-0

[Event "AUTO-OPEN-142"]
[Site "http://www.queenalice.com/game.php?id=28413"]
[Date "2005.9.13"]
[Round "1"]
[White "david19"]
[Black "Tiago"]
[Result "0-1"]
[WhiteElo "1211"]
[BlackElo "1318"]

1. e4 e5 2. Nf3 Qf6 3. Nc3 Bc5 4. d4 exd4 5. e5 Qe6 6. Nb5 Qb6 7. Bf4 a6 8.
Nbxd4 Qxb2 9. Bd3 Bxd4 10. Nxd4 Qxd4 11. O-O Qxf4 12. Qe2 b5 13. g3 Qd4 14. Rad1
d5 15. exd6+ Be6 16. Bf5 Qc5 17. Bxe6 fxe6 18. d7+ Nxd7 19. Rfe1 O-O-O 20. Qxe6
Nf6 21. Qe2 Rhe8 22. Qd2 Ne5 23. Qg5 Re7 24. Qf5+ Rdd7 25. Qh3 Nf3+ 26. Kg2
Nxe1+ 27. Rxe1 Rxe1 28. Qh4 Re2 29. Qf4 Ne4 30. Kh3 g5 31. Qg4 Qc4 32. Qh5 Nxf2+
33. Kg2 Qe4+ 34. Qf3 Ng4+ 0-1

[Event "AUTO-OPEN-142"]
[Site "http://www.queenalice.com/game.php?id=28440"]
[Date "2005.9.13"]
[Round "1"]
[White "david19"]
[Black "rusoma"]
[Result "0-1"]
[WhiteElo "1211"]
[BlackElo "1737"]

1. c4 e5 2. e4 Bc5 3. Nf3 Nc6 4. Nc3 Nf6 5. d3 d6 6. h3 Nd4 7. Bg5 Be6 8. Be2
Nxf3+ 9. Bxf3 a6 10. Qa4+ Bd7 11. Qc2 O-O 12. O-O h6 13. Bxf6 Qxf6 14. Rad1 Bxh3
15. Nd5 Qg5 16. Kh2 Be6 17. Nxc7 Rac8 18. Nxe6 fxe6 19. Qb3 b6 20. Qc3 Rf4 21.
d4 exd4 22. Qb3 Rcf8 23. Rd3 h5 24. g3 R4f6 25. Kg2 h4 26. g4 Rxf3 27. Rxf3
Qxg4+ 28. Rg3 hxg3 29. Qxg3 Qxe4+ 30. Kh2 d3 31. Rg1 Rxf2+ 32. Kh3 Qh7+ 33. Kg4
Qf5+ 34. Kh4 Rf4+ 35. Qg4 Rxg4+ 36. Rxg4 Bf2+ 37. Kh3 d2 0-1

[Event "AUTO-OPEN-142"]
[Site "http://www.queenalice.com/game.php?id=28441"]
[Date "2005.9.13"]
[Round "1"]
[White "rusoma"]
[Black "david19"]
[Result "1-0"]
[WhiteElo "1749"]
[BlackElo "1300"]

1. e4 e5 2. Bc4 Nf6 3. d3 h6 4. Nf3 a6 5. Nxe5 d5 6. exd5 b5 7. Bb3 Nxd5 8. Qf3
Be6 9. O-O f6 10. Ng6 Rh7 11. Nc3 Nd7 12. Nxd5 c6 13. Nxf6+ Nxf6 14. Bxe6 Qe7
15. Nxe7 Bxe7 16. Qxc6+ Nd7 17. Qxa8+ 1-0

[Event "AUTO-OPEN-142"]
[Site "http://www.queenalice.com/game.php?id=28442"]
[Date "2005.9.13"]
[Round "1"]
[White "david19"]
[Black "ENDHER"]
[Result "0-1"]
[WhiteElo "1300"]
[BlackElo "1943"]

1. e4 e5 2. Nf3 Nc6 3. d4 d6 4. h3 Nf6 5. Nc3 exd4 6. Nxd4 Nxd4 7. Qxd4 c5 8.
Bb5+ Bd7 9. Qa4 h6 10. O-O a6 11. Bxd7+ Nxd7 12. e5 b5 13. Qe4 Nxe5 14. f4 f5
15. Qxf5 Nc4 16. Re1+ Be7 17. Qg6+ Kd7 18. Nd5 Re8 19. Qxg7 Kc6 20. Nc3 Bh4 21.
Rxe8 Qxe8 22. Kh2 Qe6 23. Qg4 Qxg4 24. hxg4 Rg8 25. g3 Bf6 26. b3 Na5 27. g5
Bxc3 28. Rb1 hxg5 29. a3 g4 30. Be3 b4 31. a4 Re8 32. Bf2 Re2 33. Kg2 Bd4 34.
Rf1 Rxc2 35. Kg1 Nxb3 36. f5 Nd2 37. Rd1 Bxf2+ 38. Kxf2 Ne4+ 39. Ke3 Nxg3 40. f6
Kd7 41. Kf4 Ne2+ 42. Kf5 Nd4+ 43. Kxg4 Ke8 44. Re1+ Kf7 45. Rf1 b3 46. Kg5 b2
47. Rb1 Nf3+ 48. Kf5 Nd4+ 49. Kg5 Rg2+ 0-1

[Event "Challenge"]
[Site "http://www.queenalice.com/game.php?id=34270"]
[Date "2005.10.21"]
[Round "-"]
[White "gutopa"]
[Black "david19"]
[Result "1-0"]
[WhiteElo "1490"]
[BlackElo "1253"]

1. e4 e5 2. Bc4 Nf6 3. Qf3 Nc6 4. Ne2 Na5 5. d3 d6 6. Bg5 Bg4 7. Bxf6 Qxf6 8.
Qxg4 d5 9. Bb5+ c6 10. Ba4 a6 11. b4 b5 12. bxa5 bxa4 13. Nbc3 Bc5 14. O-O O-O
15. exd5 Rad8 16. dxc6 Qxc6 17. Ng3 f5 18. Nxf5 Qe6 19. Qxg7# 1-0

[Event "Challenge"]
[Site "http://www.queenalice.com/game.php?id=35323"]
[Date "2005.10.28"]
[Round "-"]
[White "david19"]
[Black "Nias"]
[Result "0-1"]
[WhiteElo "1134"]
[BlackElo "1446"]

1. e4 e5 2. Nf3 Qf6 3. c4 c5 4. Nc3 Ne7 5. d3 h6 6. Be2 g5 7. O-O g4 8. Nd2 h5
9. Nb3 d6 10. Be3 Be6 11. Nb5 Nec6 12. Nc7+ Kd8 0-1

[Event "AUTO-OPEN-171"]
[Site "http://www.queenalice.com/game.php?id=37058"]
[Date "2005.11.9"]
[Round "1"]
[White "david19"]
[Black "refutor"]
[Result "0-1"]
[WhiteElo "1189"]
[BlackElo "1809"]

1. e4 e6 2. c4 b6 3. Nc3 Bb4 4. Bd3 Bb7 5. Nf3 Nf6 6. a3 Bxc3 7. bxc3 Nxe4 8.
Bxe4 Bxe4 9. Nd4 O-O 10. O-O Nc6 11. Nb3 d5 12. d3 dxc4 13. Nd4 Nxd4 14. dxe4
Nb3 15. Qxd8 Rfxd8 16. Rb1 Nxc1 17. Rfxc1 Rd2 18. Rb4 Rad8 19. h3 Ra2 20. a4
Rdd2 21. Rf1 c5 0-1

[Event "AUTO-OPEN-171"]
[Site "http://www.queenalice.com/game.php?id=37060"]
[Date "2005.11.9"]
[Round "1"]
[White "david19"]
[Black "Pretenho"]
[Result "0-1"]
[WhiteElo "1150"]
[BlackElo "1384"]

1. d4 d5 2. Nf3 e6 3. a3 Bd6 4. Nc3 Nf6 5. e3 Nc6 6. Bd3 O-O 7. O-O b6 8. b4 e5
9. Bb5 Bb7 10. Nh4 exd4 11. exd4 a6 12. Bxc6 Bxc6 13. Re1 b5 0-1

[Event "AUTO-OPEN-171"]
[Site "http://www.queenalice.com/game.php?id=37061"]
[Date "2005.11.9"]
[Round "1"]
[White "Pretenho"]
[Black "david19"]
[Result "1-0"]
[WhiteElo "1391"]
[BlackElo "1141"]

1. e4 e5 2. Nf3 Nc6 3. d4 f6 4. Bc4 Nge7 5. dxe5 fxe5 6. Be3 d6 7. Ng5 d5 8.
exd5 Na5 9. Qf3 Bf5 10. b3 Qd6 11. Bb5+ c6 12. dxc6 bxc6 13. Ba4 h6 14. Ne4 1-0

[Event "AUTO-OPEN-171"]
[Site "http://www.queenalice.com/game.php?id=37062"]
[Date "2005.11.9"]
[Round "1"]
[White "david19"]
[Black "Kritikos"]
[Result "0-1"]
[WhiteElo "1170"]
[BlackElo "1496"]

1. c3 d5 2. e3 Nf6 3. Nf3 Nc6 4. d4 Bg4 5. h3 Bh5 6. Be2 Bxf3 7. Bxf3 e5 8. O-O
e4 9. Be2 Bd6 10. Nd2 O-O 11. b4 a6 12. Bb2 Na7 13. f3 b5 14. fxe4 dxe4 0-1

[Event "AUTO-OPEN-171"]
[Site "http://www.queenalice.com/game.php?id=37063"]
[Date "2005.11.9"]
[Round "1"]
[White "Kritikos"]
[Black "david19"]
[Result "1-0"]
[WhiteElo "1499"]
[BlackElo "1165"]

1. d4 d5 2. c4 dxc4 3. e4 e5 4. d5 Nf6 5. Bg5 h6 6. Bxf6 Qxf6 7. Bxc4 Bc5 8. Nf3
h5 9. Nc3 Bd7 10. O-O Rh6 11. Bb5 Bxb5 12. Nxb5 Na6 13. Qa4 O-O-O 14. a3 Rg6 15.
Rac1 1-0